000 01321aab a2200205 i 4500
001 768714001
003 CO-MdFUSB
005 20250804125404.0
008 220909t1994 ag ||||| |||| 00| 0 spa d
040 _bspa
_cCO-MdFUSB
_dCO-MdFUSB
041 _aspa
100 1 _aBreneman, Mervin (1930-)
_eautor
245 1 3 _aLa ética del Antiguo Testamento (16) :
_blos móviles del corazón (2)
_c/ Mervin Breneman
300 _aVolumen 13, Número 3 (julio - septiembre, 1994), páginas: 23 - 24
_c; 27 cm
520 _aSomos responsables por la intención del corazón. Cada cristiano es responsable por lo que ve y piensa. debe tomar en serio el mandamiento "no codiciarás". No debe seguir gozándose de fantasías sexuales, no debe mirar escenas pornográficas, no debe idolatrar los bienes materiales. Pero si estas cosas ya han construido "fortalezas" en su mente, Pablo dice que con las armas espirituales en Cristo el creyente puede destruirlas. Es importantísimo que usted lo haga ahora. Dios quiere un pueblo santo; en cristo ha hecho provisión para que todo creyente experimente la victoria sobre la codicia.
650 0 _919
_aVida cristiana
773 0 _tIglesia y Misión
_049402
_959646
_gVolumen 13, Número 3 (julio - septiembre, 1994), páginas: 23 - 24
_qpágina: 23
942 _cANA
945 _aJTF-925
999 _c52082
_d52082